[Event "Madrid-ch Previa-A"]
[Site "Madrid"]
[Date "2013.02.18"]
[Round "7"]
[White "Lopez Peral, Enrique"]
[Black "Roldan Garcia, Angel"]
[Result "1-0"]
[WhiteElo "1833"]
[BlackElo "1748"]
[PlyCount "123"]
[EventDate "2013.02.04"]
[EventType "swiss"]
[EventRounds "9"]
[EventCountry "ESP"]
[SourceTitle "EXT 2018"]
[Source "ChessBase"]
[SourceDate "2017.10.13"]
[SourceVersion "1"]
[SourceVersionDate "2017.10.13"]
[SourceQuality "1"]

1. Nf3 Nf6 2. c4 g6 3. Nc3 Bg7 4. d4 0-0 5. e4 d6 6. Be2 e5 7. dxe5 dxe5 8. 0-0 Nbd7 9. b3 c6 10. Ba3 Re8 11. Qc2 Nh5 12. Rad1 Nf4 13. Bd6 Qf6 14. Rfe1 Nxe2+ 15. Qxe2 Bf8 16. Qd2 Bxd6 17. Qxd6 Qxd6 18. Rxd6 Nf8 19. h3 f5 20. Red1 fxe4 21. Nxe4 Kg7 22. g4 Re7 23. Kg2 Bd7 24. Nc5 Bc8 25. Re1 b6 26. Ne4 Bb7 27. c5 Rd8 28. Red1 Ne6 29. b4 Nf4+ 30. Kh2 Nd5 31. a3 Rf8 32. Nh4 Rf4 33. f3 Rff7 34. Kg3 Rd7 35. Ng2 Rc7 36. Ng5 Rf6 37. Ne6+ Rxe6 38. Rxe6 bxc5 39. bxc5 Nc3 40. Rd3 Ne2+ 41. Kf2 Nf4 42. Nxf4 exf4 43. h4 Ba6 44. Rd2 Bc4 45. Red6 Bd5 46. g5 Rf7 47. Rd8 Re7 48. Rd3 Rb7 49. R8xd5 cxd5 50. Rxd5 Rc7 51. Kg2 Kf7 52. Re5 Re7 53. Rxe7+ Kxe7 54. Kh3 Ke6 55. Kg4 Kd5 56. Kxf4 Kxc5 57. Ke5 a5 58. Kf6 a4 59. Kg7 Kc4 60. Kxh7 Kb3 61. Kxg6 Kxa3 62. h5 1-0

[Event "Madrid-ch Previa-A"]
[Site "Madrid"]
[Date "2013.02.12"]
[Round "5"]
[White "Gonzalez Recas, Fernando Jose"]
[Black "Roldan Garcia, Angel"]
[Result "1-0"]
[WhiteElo "1844"]
[BlackElo "1748"]
[PlyCount "127"]
[EventDate "2013.02.04"]
[EventType "swiss"]
[EventRounds "9"]
[EventCountry "ESP"]
[SourceTitle "EXT 2015"]
[Source "ChessBase"]
[SourceDate "2014.11.20"]
[SourceVersion "1"]
[SourceVersionDate "2014.11.20"]
[SourceQuality "1"]

1. e4 c5 2. Nf3 e6 3. d4 cxd4 4. Nxd4 Nc6 5. Nb5 d6 6. N1c3 a6 7. Nd4 Bd7 8. Be3 Nf6 9. Be2 Be7 10. a3 Nxd4 11. Bxd4 0-0 12. f4 Bc6 13. Bf3 Qc7 14. Qe2 e5 15. Be3 b5 16. g4 exf4 17. Bxf4 Nd7 18. h4 Ne5 19. Bg2 Ng6 20. Bg3 Bf6 21. h5 Be5 22. Bxe5 Nxe5 23. g5 Rad8 24. h6 g6 25. 0-0-0 Qe7 26. Qe3 f6 27. gxf6 Rxf6 28. Nd5 Bxd5 29. exd5 Qf8 30. Bh3 Rf3 31. Be6+ Kh8 32. Qb6 Ra8 33. Kb1 Nc4 34. Qd4+ Qf6 35. Qxf6+ Rxf6 36. Ka2 Raf8 37. b3 Ne3 38. Rd2 Nf1 39. Rd3 a5 40. Rc3 Nd2 41. Rh2 Ne4 42. Re3 Nc5 43. b4 axb4 44. axb4 Nxe6 45. dxe6 Re8 46. Ree2 Rfxe6 47. Rd2 Rd8 48. Rd5 Re5 49. Rhd2 Rxd5 50. Rxd5 Kg8 51. Rxb5 d5 52. Kb3 Rd6 53. Rb8+ Kf7 54. Rb7+ Kg8 55. Kc3 g5 56. Rg7+ Kh8 57. Rxg5 Rxh6 58. Rxd5 Rc6+ 59. Rc5 Rb6 60. b5 Kg8 61. Kc4 Kf8 62. Rc7 h6 63. Kc5 Rg6 64. b6 1-0